Marine electrical practice (Record no. 12608)

000 -LEADER
fixed length control field 00417nam a22001577a 4500
008 - FIXED-LENGTH DATA ELEMENTS--GENERAL INFORMATION
fixed length control field 210209b ||||| |||| 00| 0 eng d
082 00 - DEWEY DECIMAL CLASSIFICATION NUMBER
Classification number 623.8503
Item number W3371
100 ## - MAIN ENTRY--PERSONAL NAME
9 (RLIN) 1
Personal name Watson, G. O.
245 10 - TITLE STATEMENT
Title Marine electrical practice
250 ## - EDITION STATEMENT
Edition statement 4th ed.
260 ## - PUBLICATION, DISTRIBUTION, ETC. (IMPRINT)
Place of publication, distribution, etc London:
Name of publisher, distributor, etc Newnes - Butterworths
Date of publication, distribution, etc 1971
300 ## - PHYSICAL DESCRIPTION
Extent 502p.
365 ## - TRADE PRICE
Unit of pricing 90.00
650 #0 - SUBJECT ADDED ENTRY--TOPICAL TERM
Topical term or geographic name as entry element Ships--Electric equipment
942 ## - ADDED ENTRY ELEMENTS (KOHA)
Item type Books
Holdings
Withdrawn status Lost status Source of classification or shelving scheme Damaged status Not for loan Permanent location Current location Date acquired Source of acquisition Full call number Barcode Date last seen Koha item type
          IMU Kolkata IMU Kolkata 1973-02-26 W. Newman & Co 623.8503 W3371 03913 2021-02-09 Books
          IMU Kolkata IMU Kolkata 1973-02-26 W. Newman & Co 623.8503 W3371 03914 2021-02-09 Books
          IMU Kolkata IMU Kolkata 1973-02-26 W. Newman & Co 623.8503 W3371 03915 2021-02-09 Books
Designed and Maintained by IMU-KC Library, Kolkata Campus © Copyright All Rights Reserved

webs counters

Powered by Koha